How to fold 4 : More great folding ideas for the art director and graphic designer

Bibliographic Details
Main Author: Withers, Laurence
Format: Book
Published: Glenbrook, CT : Art Direction Brook Co. Inc. , 2001
Subjects:

MARC

LEADER 00000cam a2200000 7i4500
001 0000015426
005 20050704.0
020 |a 0881082244 
040 |a INS 
090 0 0 |a Z253.5.   |b W784 2001 
100 1 |a Withers, Laurence 
245 1 0 |a How to fold 4 :   |b More great folding ideas for the art director and graphic designer   |c Laurence Withers 
260 |a Glenbrook, CT :   |b Art Direction Brook Co. Inc. ,   |c 2001 
300 |a 104p ;   |c 28cm. 
650 0 0 |a Graphic design (Typography) 
999 |a 0000015394   |b BOOK   |c Open Shelf   |e Default branch